000 00374nam a2200145Ia 4500
008 191201s2005 xx 000 0 und d
082 _a629.2312
_bNAT
100 _aNAKRA, B C
245 0 _aTheory and Applications of Automatic Controls
250 _a2nd
260 _aN.Delhi
_bNew Age International Pub
_c2005
300 _a321
650 _aB.Tech(ECE)
942 _2ddc
_cBK
999 _c1660
_d1660